000 00533nam a2200217Ia 4500
003 OSt
005 20140311163114.0
008 140130s9999 xx 000 0 und d
020 _a043959801
050 _aML 3534
_b.In54 2003
100 _aIngram, Scott
_923703
245 _aThe roots of rock and roll /
_cIngram, Scott
260 _bScholastic,
_c2003.
_aNew York :
300 _a47 p. :
_bill. ;
_c18 cm.
440 _v1
_931029
521 _aG3
526 _c580
942 _cBK
_2lcc
999 _c40713
_d40713